|
|
|
|
| LEADER |
00000nam0a2200000 4500 |
| 001 |
105393 |
| 005 |
20231031114411.0 |
| 010 |
|
|
|a 5939725333
|
| 035 |
|
|
|a (RuTPU)RU\TPU\book\113737
|
| 090 |
|
|
|a 105393
|
| 100 |
|
|
|a 20061116d2006 k y0rusy50 ca
|
| 101 |
0 |
|
|a rus
|
| 102 |
|
|
|a RU
|
| 105 |
|
|
|a y z 001zy
|
| 200 |
1 |
|
|a Квантование термодинамики и ультравторичное квантование
|f В. П. Маслов
|
| 210 |
|
|
|a Москва
|c Регулярная и хаотическая динамика
|d 2006
|
| 215 |
|
|
|a 384 с.
|
| 320 |
|
|
|a Библиогр.: с. 377-383.
|
| 610 |
1 |
|
|a термодинамика
|
| 610 |
1 |
|
|a квантование
|
| 610 |
1 |
|
|a энтропия
|
| 610 |
1 |
|
|a сверхпроводимость
|
| 610 |
1 |
|
|a квантовый хаос
|
| 610 |
1 |
|
|a квантовая эргодичность
|
| 610 |
1 |
|
|a уравнения среднего поля
|
| 610 |
1 |
|
|a асимптотики
|
| 610 |
1 |
|
|a уравнения Власова
|
| 610 |
1 |
|
|a унитарно-нелинейные операторы
|
| 610 |
1 |
|
|a унитарно-нелинейные уравнения
|
| 675 |
|
|
|a 530.145.6
|v 3
|
| 675 |
|
|
|a 536.7
|v 3
|
| 700 |
|
1 |
|a Маслов
|b В. П.
|g Виктор Павлович
|
| 801 |
|
1 |
|a RU
|b 63413507
|c 20061116
|g PSBO
|
| 801 |
|
2 |
|a RU
|b 63413507
|c 20151007
|g PSBO
|
| 942 |
|
|
|c BK
|